[Event "Blue Sevan"]
[Site "Sevan ARM"]
[Date "2006.07.19"]
[Round "7"]
[White "Harutjunyan,G"]
[Black "Pashikian,A"]
[Result "0-1"]
[WhiteElo "2383"]
[BlackElo "2508"]

1.Nf3 d5 2.g3 Nf6 3.Bg2 c6 4.b3 Bg4 5.Bb2 e6 6.O-O Be7 7.d3 O-O 8.Nbd2 Nbd7
9.Qe1 a5 10.a3 b5 11.e4 a4 12.b4 c5 13.c3 Rc8 14.h3 Bh5 15.Qe3 Qb6 16.bxc5 Bxc5
17.d4 Be7 18.e5 Ne8 19.Ne1 Bg6 20.f4 Nc7 21.Bf3 Rce8 22.Kh2 Nb8 23.h4 h6
24.h5 Bh7 25.g4 f6 26.exf6 Rxf6 27.Ng2 Rff8 28.Be2 Nd7 29.Rae1 Nf6 30.Bf3 Kh8
31.Bc1 Ne4 32.Nxe4 dxe4 33.Bxe4 Nd5 34.Qg3 Bxe4 35.Rxe4 Qc6 36.Rfe1 Bd8 37.Bd2 Qd6
38.f5 Qxa3 39.Qf3 Bc7+ 40.Kg1 Qd6 41.Bf4 Qd8 42.Rxe6 Rxe6 43.Rxe6 b4 44.Bxc7 Nxc7
45.Re1 bxc3 46.Qxc3 Nb5 47.Qd3 Qxd4+ 48.Qxd4 Nxd4 49.Ra1 Ra8 50.Ne3 a3 51.Ra2 Nb5
52.Nc2 Ra4 53.Kf2 Rxg4 54.Nxa3 Ra4 55.Nxb5 Rxa2+ 56.Kf3 Rd2 57.Nc7 Kg8 58.Ne6 Kf7
59.Kf4 Kf6 60.Kg4 Ke5 61.Kf3 Rd3+ 62.Kg4 Rd7 63.Nf8 Rd4+  0-1

[Event "Czech Open A"]
[Site "Pardubice CZE"]
[Date "2006.07.21"]
[Round "1"]
[White "Gajewski,G"]
[Black "Gusjkov,Y"]
[Result "1-0"]
[WhiteElo "2504"]
[BlackElo "2292"]

1.Nf3 d5 2.g3 c6 3.Bg2 Nf6 4.O-O Bg4 5.b3 Qc8 6.d3 Bh3 7.Bb2 Bxg2 8.Kxg2 Nbd7
9.Nbd2 e6 10.c4 Be7 11.Rc1 Qd8 12.Qc2 O-O 13.cxd5 cxd5 14.Qc7 Rb8 15.Ne5 Nb6
16.Qc3 Qd6 17.a3 Rbc8 18.Qd4 Rxc1 19.Rxc1 Rc8 20.Rxc8+ Nxc8 21.Ndf3 Qc5 22.Ng5 Qxd4
23.Bxd4 Nd6 24.Bc5 h6 25.Bxd6 Bxd6 26.Ngxf7 Bxa3 27.Nd8 Bb2 28.f4 Bxe5 29.fxe5 Nd7
30.d4 b5 31.Nxe6 b4 32.Nc7 Nb6 33.Na6 Nc4 34.Nxb4 Nd2 35.Nxd5 Nxb3 36.e3 a5
37.Nc3 Nd2 38.Kf2 Kf7 39.Ke2 Nc4 40.Na4 Ke7 41.Kd3 Na3 42.Nc3 g6 43.d5  1-0

[Event "3rd ACT"]
[Site "Amsterdam NED"]
[Date "2006.07.22"]
[Round "8"]
[White "Heemskerk,W"]
[Black "Wempe,Jo"]
[Result "0-1"]
[WhiteElo "2298"]
[BlackElo "2242"]

1.Nf3 d5 2.g3 c6 3.Bg2 Nf6 4.b3 Bg4 5.Bb2 Nbd7 6.c4 e6 7.O-O Bd6 8.Na3 O-O
9.Nc2 h6 10.d3 e5 11.b4 Re8 12.Qd2 a5 13.a3 b5 14.Rab1 Be6 15.Rfc1 bxc4 16.dxc4 Bf5
17.Nh4 Be6 18.cxd5 cxd5 19.Ne3 axb4 20.axb4 Nb6 21.Rc6 Rc8 22.Rbc1 Rxc6 23.Rxc6 d4
24.b5 Bf8 25.Nd1 Bd7 26.f4 exf4 27.Qxd4 Bxc6 28.Bxc6 Bc5 29.Qxc5 Qxd1+ 30.Kg2 Rxe2+  0-1

[Event "Open"]
[Site "Kiel GER"]
[Date "2006.07.22"]
[Round "1"]
[White "Seibicke,R"]
[Black "Oltzen,S"]
[Result "1-0"]
[WhiteElo "2185"]
[BlackElo "1834"]

1.Nf3 d5 2.g3 Nf6 3.Bg2 e6 4.O-O c5 5.d3 Nc6 6.Nbd2 Be7 7.e4 O-O 8.e5 Nd7
9.Re1 Qc7 10.Qe2 b6 11.c3 Bb7 12.Nf1 a6 13.Bf4 b5 14.h4 Qb6 15.g4 c4 16.d4 b4
17.g5 a5 18.Ne3 Qa7 19.Ng4 Nb6 20.h5 Ba6 21.Nf6+ Bxf6 22.gxf6 g6 23.Bh6 Rfc8
24.Qd2 bxc3 25.bxc3 Na4 26.Bg7 Rc7 27.Qh6 Qb8 28.Ng5  1-0

[Event "Czech Open A"]
[Site "Pardubice CZE"]
[Date "2006.07.22"]
[Round "2"]
[White "Grycel,K"]
[Black "Deviatkin,A"]
[Result "0-1"]
[WhiteElo "2317"]
[BlackElo "2530"]

1.Nf3 d5 2.g3 c6 3.Bg2 Bf5 4.O-O e6 5.d3 Nf6 6.b3 Bd6 7.Bb2 O-O 8.Nbd2 Nbd7
9.c4 Re8 10.Rc1 h6 11.Re1 Bh7 12.Qc2 a5 13.cxd5 exd5 14.Qb1 a4 15.bxa4 Qb8
16.Nb3 Rxa4 17.Bd4 Qa8 18.Rc2 b6 19.Nfd2 c5 20.Bxf6 Nxf6 21.Nc4 Bc7 22.Ne3 Qd8
23.Nc1 Rxe3 24.fxe3 Ng4 25.Qb5 Rb4 26.Qc6 Nxe3 27.Rc3 Bf5 28.Ra3 Kh7 29.Ra8 Qd6
30.Qxd6 Bxd6 31.Bf3 c4 32.d4 Rb1 33.Kf2 Bb4 34.Rg1 Bd2 35.Nd3 Rxg1 36.Kxg1 cxd3
37.exd3 Bxd3 38.Kf2 Bc4 39.a3 Nc2 40.Rd8 Be3+  0-1

[Event "10th Battle of Senta 1697 Open"]
[Site "Senta SCG"]
[Date "2006.07.22"]
[Round "2"]
[White "Bantic,M"]
[Black "Tadic,B"]
[Result "0-1"]
[WhiteElo "2225"]
[BlackElo "2487"]

1.Nf3 d5 2.g3 c5 3.Bg2 Nc6 4.O-O e5 5.d3 Nge7 6.Nbd2 Ng6 7.b3 Bg4 8.h3 Be6
9.c4 d4 10.Ba3 f5 11.Qc2 Bd6 12.e4 dxe3 13.fxe3 O-O 14.e4 f4 15.g4 h5 16.g5 Be7
17.Kh2 Qd7 18.Rg1 Rfd8 19.Bf1 Nb4 20.Bxb4 cxb4 21.d4 exd4 22.Qd3 Bd6 23.Bg2 Rac8
24.Rad1 Be5 25.Nxe5 Nxe5 26.Qe2 g6 27.Nf3 Bg4 28.Qf2 Bxf3 29.Bxf3 d3 30.Bg2 f3
31.Bf1 b5 32.Qg3 Qd6 33.cxb5 h4 34.Qf4 f2 35.Rg3 hxg3+ 36.Kg2 Nf7 37.e5 Qd5+  0-1

[Event "10th Battle of Senta 1697 Open"]
[Site "Senta SCG"]
[Date "2006.07.22"]
[Round "3"]
[White "Arsovic,Z"]
[Black "Nagy,At1 SCG"]
[Result "1-0"]
[WhiteElo "2441"]
[BlackElo "2202"]

1.Nf3 d5 2.g3 Nf6 3.Bg2 c5 4.c4 e6 5.O-O Nc6 6.cxd5 exd5 7.d4 cxd4 8.Nxd4 Be7
9.Nc3 O-O 10.Be3 Re8 11.Rc1 Bg4 12.h3 Be6 13.Kh2 Qd7 14.Qa4 a6 15.Nxc6 bxc6
16.Rfd1 Reb8 17.Bd4 Rb4 18.Qc2 Bf5 19.e4 Bg6 20.a3 Rbb8 21.Qa4 Nxe4 22.Nxe4 Bxe4
23.f3 Bf5 24.Qxc6 Qxc6 25.Rxc6 Rc8 26.Rdc1 Bd7 27.Rc7 Bd8 28.R7c5 Be6 29.b4 f6
30.f4 Rxc5 31.Rxc5 Bb6 32.Rxd5 Bxd4 33.Rxd4 Rc8 34.Rd6 Bc4 35.Bb7 Re8 36.Bxa6 Re2+
37.Kg1 Re1+ 38.Kf2 Re2+ 39.Kg1 Re1+ 40.Kf2 Re2+ 41.Kf3 Bxa6 42.Rxa6  1-0

[Event "32nd Open"]
[Site "Sitges ESP"]
[Date "2006.07.22"]
[Round "2"]
[White "Loehr Dols,L"]
[Black "Munoz Pantoja,M"]
[Result "0-1"]
[WhiteElo "2089"]
[BlackElo "2473"]

1.g3 d5 2.Nf3 Nf6 3.Bg2 c5 4.d3 Nc6 5.Nbd2 e5 6.e4 d4 7.Nc4 Qc7 8.a4 Be6
9.O-O Be7 10.Nh4 g6 11.f4 Nd7 12.Nf3 O-O 13.Nfxe5 Ndxe5 14.Nxe5 Nxe5 15.fxe5 Qxe5
16.Bf4 Qg7 17.Rf2 c4 18.Qf1 g5 19.Bd2 Rac8 20.c3 Rfd8 21.e5 b6 22.Rf6 dxc3
23.Bxc3 cxd3 24.Rxe6 fxe6 25.Be4 Rxc3 26.bxc3 Qxe5 27.Qf3 Qxc3 28.Rd1 Qd4+
29.Kg2 d2 30.Qg4 Qe5 31.Rf1 d1=Q 32.Bxh7+ Kxh7  0-1

[Event "XI Open"]
[Site "Balaguer ESP"]
[Date "2006.07.23"]
[Round "7"]
[White "Movsziszian,K"]
[Black "Sharma,Di"]
[Result "1-0"]
[WhiteElo "2507"]
[BlackElo "2358"]

1.Nf3 d5 2.g3 c6 3.Bg2 Bg4 4.O-O Nd7 5.d3 Ngf6 6.Nbd2 e5 7.e4 dxe4 8.dxe4 Bc5
9.h3 Bh5 10.Qe1 O-O 11.a4 Re8 12.Nc4 Nb6 13.Na5 Rb8 14.b4 Bf8 15.Nh4 Nfd7
16.Be3 c5 17.c3 f6 18.Qd2 Qc7 19.Rfc1 c4 20.Bf1 Bf7 21.Qe2 Rbc8 22.Nf3 Na8
23.Nd2 Ndb6 24.h4 Be6 25.Kh2 Red8 26.Qf3 Be7 27.Be2 Rxd2 28.Bxd2 Nd7 29.Rd1 Nf8
30.Be3 b6 31.Nxc4 Bxc4 32.Bxc4+ Qxc4 33.a5 Rc7 34.axb6 Nxb6 35.Ra3 Rb7 36.Rda1 a5
37.Bxb6 axb4 38.Ra7 Rxa7 39.Rxa7 b3 40.Rxe7 b2 41.Qg4 g6 42.Qd1 Qa2 43.Qd6 b1=Q
44.Qxf6 Qaa1 45.Qg7+  1-0

[Event "XLVIII TCh-POR"]
[Site "Evora POR"]
[Date "2006.07.23"]
[Round "2"]
[White "Fernandes,An"]
[Black "Vitor,A"]
[Result "0-1"]
[WhiteElo "2457"]
[BlackElo "2414"]

1.Nf3 d5 2.g3 g6 3.Bg2 Bg7 4.d4 Nf6 5.O-O O-O 6.c4 c6 7.Nc3 dxc4 8.Ne5 Be6
9.e4 Nfd7 10.f4 Nxe5 11.fxe5 Na6 12.Be3 Nb4 13.Qd2 Nd3 14.b3 c5 15.d5 Bc8
16.e6 Qa5 17.exf7+ Rxf7 18.Rxf7 Bxc3 19.Raf1 Be6 20.Qxc3 Qxc3 21.dxe6 h5
22.bxc4 Ne5 23.Bh6 Ng4 24.Bg5 Qe5 25.Bxe7 Qxe6 26.e5 Qxf7 27.Bd5 Nxe5 28.Bxc5 Qxd5
29.cxd5 Rd8 30.Rd1 b6 31.Be3 Kf7 32.Bg5 Nf3+ 33.Kf2 Nxg5 34.Ke3 Ke7 35.Kf4 Nf7
36.Re1+ Kf6 37.Re6+ Kg7 38.Re7 Rxd5 39.Rxa7 Rb5 40.a4 Rb4+ 41.Ke3 Kf6 42.a5 bxa5
43.Rxa5 Ne5 44.Ra2 Rb2 45.Ra6+ Kf5 46.h3 Rg2 47.g4+ hxg4 48.hxg4+ Rxg4 49.Kf2 g5
50.Ra5 Rb4 51.Kg3 Rb3+ 52.Kg2 Rc3 53.Rb5 Kf4 54.Rb4+ Rc4 55.Rb2 Kg4 56.Rd2 Ng6
57.Ra2 Re4 58.Kh2 Nf4 59.Ra3 Re2+ 60.Kg1 Rd2 61.Kh1 Rd3 62.Ra5 Kh4 63.Rb5 g4
64.Rb1 Kh3 65.Rf1 Rf3 66.Rg1 Nh5 67.Re1 Ng3+ 68.Kg1 Rf1+ 69.Rxf1 Nxf1 70.Kxf1 Kh2  0-1

[Event "Czech Open A"]
[Site "Pardubice CZE"]
[Date "2006.07.23"]
[Round "3"]
[White "Priborsky,I"]
[Black "Kharitonov,Alexandr"]
[Result "0-1"]
[WhiteElo "2331"]
[BlackElo "2514"]

1.Nf3 d5 2.g3 Nf6 3.Bg2 c6 4.O-O Bg4 5.c4 e6 6.cxd5 exd5 7.Qb3 Qb6 8.Qc2 Nbd7
9.Nc3 Bd6 10.d3 O-O 11.e4 Rfe8 12.Be3 Qa5 13.Nd4 dxe4 14.dxe4 Qh5 15.f3 Bh3
16.Bxh3 Qxh3 17.Nf5 Bc7 18.Ne2 g6 19.Nfd4 Qh5 20.Nf4 Qe5 21.Rfd1 Bb6 22.Bf2 Rad8
23.Nb3 Qe7 24.h3 Ne5 25.Kg2 Bxf2 26.Kxf2 Nfd7 27.Qe2 Nb6 28.Rxd8 Rxd8 29.Rd1 Nbc4
30.Nd3 Qc7 31.Nbc5 Qd6 32.Nxb7 Qd4+ 33.Kg2 Ne3+ 34.Kh2 Nxd1 35.Nxd8 Qxd3
36.Qxd3 Nxd3 37.Nxc6 a6 38.b4 Nc3 39.a3 Ne1 40.Nb8 Nxf3+ 41.Kg2 Ne1+ 42.Kf2 Nc2
43.Kf3 Nxa3 44.Nxa6 Nc2 45.e5 Kf8 46.Kg4 h6 47.h4 Ne3+ 48.Kf3 Ned5  0-1

[Event "Czech Open A"]
[Site "Pardubice CZE"]
[Date "2006.07.23"]
[Round "3"]
[White "Hausrath,D"]
[Black "Bosiocic,Mari"]
[Result "1/2-1/2"]
[WhiteElo "2511"]
[BlackElo "2433"]

1.Nf3 d5 2.g3 Bg4 3.Bg2 c6 4.c4 e6 5.O-O Nd7 6.cxd5 exd5 7.d3 Ngf6 8.Nc3 Be7
9.Qc2 O-O 10.e4 Nc5 11.Ne5 Be6 12.b4 Ncd7 13.Nxd7 Qxd7 14.Rb1 Rac8 15.Na4 b6
16.f4 dxe4 17.dxe4 Rfd8 18.f5 Qd4+ 19.Kh1 Bc4 20.Bb2 Bd3 21.Qc1 Qd7 22.e5 Nd5
23.f6 Bf8 24.fxg7 Bxg7 25.Nc3 Nxc3 26.Bxc3 Bxf1 27.Qxf1 Qd3 28.Qe1 Qc4 29.Be4 Bh6
30.Rb2 Rc7 31.Rf2 Rcd7 32.Bc2 Bd2 33.Bxd2 Qxc2 34.e6 Re7 35.Qe5 f5 36.Rxf5 Qd1+
37.Kg2 Qxd2+ 38.Kh3 Qh6+ 39.Kg2  1/2-1/2

[Event "MTO Open"]
[Site "Biel SUI"]
[Date "2006.07.24"]
[Round "1"]
[White "Balenovic,Z"]
[Black "Fressinet,L"]
[Result "0-1"]
[WhiteElo "2253"]
[BlackElo "2626"]

1.Nf3 d5 2.g3 Bg4 3.Bg2 c6 4.O-O e6 5.d3 Nd7 6.c4 Ngf6 7.b3 a5 8.Bb2 a4 9.Nbd2 Be7
10.Re1 O-O 11.Qc2 Qb6 12.h3 Bxf3 13.Nxf3 Rfd8 14.Rab1 axb3 15.axb3 h6 16.Ra1 Nc5
17.Nd2 Na6 18.Bc3 Nb4 19.Qb2 Rxa1 20.Rxa1 d4 21.Bxb4 Bxb4 22.Ra4 Nd7 23.Qa2 Nc5
24.Ra8 Bxd2 25.Rxd8+ Qxd8 26.Qxd2 Qb6 27.b4 Nb3 28.Qe1 Qa6 29.Bf3 Qa3 30.b5 cxb5
31.cxb5 b6 32.Bc6 Qc1 33.Qxc1 Nxc1 34.Kf1 Kf8 35.Ke1 Ke7 36.Kd1 Nb3 37.e3 Kd6
38.Kc2 Na5 39.Be4 Kc5 40.exd4+ Kxd4 41.Bc6 Kc5 42.Be8 f6 43.Kc3 e5 44.f4 Nb7
45.fxe5 fxe5 46.Kd2 Nd6 47.Bd7 Nxb5 48.Ke3 Nd4 49.Ke4 Kd6 50.Be8 b5 51.g4 b4
52.Bf7 b3 53.Ke3 b2 54.Ba2 Nc2+ 55.Ke4 g6 56.h4 Nb4 57.Bb1 Nd5 58.Bc2 Nc3+
59.Ke3 b1=Q 60.Bxb1 Nxb1 61.d4 Kd5 62.dxe5 Kxe5  0-1

[Event "XLVIII TCh-POR"]
[Site "Evora POR"]
[Date "2006.07.24"]
[Round "3"]
[White "Vitor,A"]
[Black "Zawadzki,S"]
[Result "1/2-1/2"]
[WhiteElo "2414"]
[BlackElo "2397"]

1.Nf3 d5 2.g3 c6 3.Bg2 Bg4 4.b3 Nd7 5.Bb2 e6 6.d3 Ngf6 7.Nbd2 Be7 8.a3 O-O
9.h3 Bh5 10.O-O a5 11.c4 h6 12.Ra2 Ne8 13.Qa1 Bf6 14.Bxf6  1/2-1/2

[Event "Sunny Pawn A"]
[Site "Illichevsk UKR"]
[Date "2006.07.24"]
[Round "5"]
[White "Stopkin,V"]
[Black "Savchenko,S"]
[Result "0-1"]
[WhiteElo "2296"]
[BlackElo "2508"]

1.Nf3 d5 2.g3 Bg4 3.Bg2 Nd7 4.c4 e6 5.Qa4 c6 6.cxd5 Bxf3 7.Bxf3 exd5 8.d3 Ngf6
9.O-O Bd6 10.e4 dxe4 11.dxe4 O-O 12.Nc3 Re8 13.Qc2 Qe7 14.Bd2 Rad8 15.Rae1 Bc5
16.Bc1 Ne5 17.Be2 Bd4 18.Kg2 Ned7 19.f3 a6 20.Nd1 Qc5 21.Qxc5 Nxc5 22.b4 Na4
23.Bc4 Nc3 24.Ne3 Nd7 25.f4 Nb6 26.Bb3 Nxe4 27.Ng4 Nd5 28.Ne5 Bxe5 29.fxe5 Rxe5
30.g4 Rde8 31.Bb2 R5e7 32.Rf5 Nd6 33.Rxe7 Rxe7 34.Re5 Rxe5 35.Bxe5 Nc4 36.Bd4 b5
37.Bc5 f6 38.Kg3 Kf7 39.h4 g6 40.h5 Ne5 41.Bc2 Nd7 42.h6 Nxc5 43.bxc5 a5
44.a3 a4 45.Kf3 Ne7 46.Ke4 Ke6 47.Kd4 f5 48.g5 Nd5 49.Bb1 Nf4 50.Ba2+ Ke7  0-1

[Event "Open"]
[Site "Kiel GER"]
[Date "2006.07.24"]
[Round "5"]
[White "Seibicke,R"]
[Black "Keuchen,M"]
[Result "1/2-1/2"]
[WhiteElo "2185"]
[BlackElo "1993"]

1.Nf3 d5 2.g3 e6 3.Bg2 Bd6 4.d4 f5 5.O-O Nf6 6.c4 O-O 7.Qc2 c6 8.Nc3 Ne4
9.e3 Nd7 10.b3 Ndf6 11.Ne1 e5 12.Ne2 Bd7 13.f3 Ng5 14.e4 Ne6 15.exf5 Nxd4
16.Nxd4 Qb6 17.Be3 exd4 18.Bf2 Kh8 19.g4 c5 20.Nd3 dxc4 21.bxc4 Qc7 22.h3 b5
23.Rac1 Rab8 24.cxb5 Bxb5 25.Rfd1 Rfc8 26.Qd2 Qf7 27.Nf4 Bxf4 28.Qxf4 Nd5
29.Qd2 Nc3 30.Re1 Nxa2 31.Ra1 Nc3 32.Bg3 Rb7 33.Be5 Bc6 34.h4 Re8 35.h5 Rbe7
36.f4 Bxg2 37.Qxg2 h6 38.Ra6 Kg8 39.g5 Qxf5 40.gxh6 Qf7 41.Rg6 Qf8 42.Rf1 Rd7
43.Bxg7 Ne2+ 44.Kh1 Qf5 45.Be5+ Kh7 46.Rg7+ Kxh6 47.Rxd7 Qxh5+ 48.Qh2 Ng3+
49.Kg2 Qxh2+ 50.Kxh2 Nxf1+ 51.Kg2 Ne3+ 52.Kf3 Kg6 53.Ke4 Nc4 54.Rg7+ Kh6
55.Rc7 d3 56.Kxd3 Nxe5+ 57.fxe5 Rxe5 58.Rxa7  1/2-1/2

[Event "MTO Open"]
[Site "Biel SUI"]
[Date "2006.07.25"]
[Round "2"]
[White "Pavlovic,Milo"]
[Black "Hammer,J"]
[Result "1-0"]
[WhiteElo "2497"]
[BlackElo "2306"]

1.Nf3 d5 2.g3 Nc6 3.d4 Bf5 4.Bg2 Nb4 5.Na3 e6 6.c3 Na6 7.Qb3 Rb8 8.Nh4 Be4
9.Bxe4 dxe4 10.Nc4 Be7 11.Ng2 Nf6 12.O-O O-O 13.Qc2 c5 14.Bf4 Rc8 15.Rad1 Qd5
16.Nd6 cxd4 17.Ne3 Qh5 18.Nxc8 Rxc8 19.Rxd4 e5 20.Rd5 Rc5 21.Qd1 g6 22.b4 Rxd5
23.Nxd5 Nxd5 24.Qxd5 exf4 25.Qxb7 f3 26.exf3 exf3 27.Re1 Bf6 28.Qxa6 Qf5
29.Re3 Qb1+ 30.Qf1 Qf5 31.Qd1  1-0

[Event "Politiken Cup"]
[Site "Copenhagen DEN"]
[Date "2006.07.25"]
[Round "4"]
[White "Andreasen,P"]
[Black "Christensen,Janu"]
[Result "1-0"]
[WhiteElo "2283"]
[BlackElo "2100"]

1.Nf3 d5 2.g3 Nf6 3.Bg2 c5 4.O-O Nc6 5.d4 cxd4 6.Nxd4 e5 7.Nxc6 bxc6 8.c4 h6
9.Nc3 Be6 10.Qa4 Qd7 11.cxd5 cxd5 12.Qxd7+ Kxd7 13.Rd1 Kc6 14.Be3 Bb4 15.Rac1 Bxc3
16.bxc3 e4 17.Bd4 Rab8 18.e3 Rhc8 19.Bf1 Kb7 20.Be5 Ra8 21.Rb1+ Kc6 22.Ba6 Ne8
23.c4 f6 24.cxd5+ Bxd5 25.Bb7+ Kc5 26.Rxd5+  1-0

[Event "XLVIII TCh-POR"]
[Site "Evora POR"]
[Date "2006.07.25"]
[Round "4"]
[White "Frois,A"]
[Black "Fernando,D"]
[Result "0-1"]
[WhiteElo "2320"]
[BlackElo "2466"]

1.Nf3 d5 2.g3 c6 3.Bg2 Bg4 4.O-O e6 5.b3 Nd7 6.Bb2 Ngf6 7.d3 Be7 8.Nbd2 O-O
9.c4 a5 10.a3 Qb6 11.Qc2 Bh5 12.Rac1 Qa6 13.Qb1 Rfc8 14.h3 h6 15.Qa1 Bg6
16.Ne5 Nxe5 17.Bxe5 Ne8 18.Bb2 Bf8 19.Nf3 f6 20.Nd2 Bf7 21.d4 b5 22.cxd5 cxd5
23.Rxc8 Rxc8 24.Rc1 Nd6 25.Rxc8 Qxc8 26.Qc1 Qxc1+ 27.Bxc1 Bg6 28.e3 Bd3 29.Bf1 Bxf1
30.Kxf1 a4 31.bxa4 bxa4 32.Ke2 Nb5 33.Nb1 e5 34.dxe5 fxe5 35.f3 Kf7 36.Kd3 Ke6
37.Bb2 g6 38.e4 Bc5 39.Bc1 h5 40.Nc3 Nxc3 41.Kxc3 Kd6 42.Kd3 Kc6 43.Bb2 Bd6
44.Bc1 Kc5 45.Be3+ Kc6 46.Bc1 Bc5 47.Bb2 Kd6 48.Bc1 Bf2 49.g4 Bc5 50.Bh6 Kc6
51.Bc1 Bd6 52.Bb2 Kc5 53.Bc1 d4 54.Bd2 Kb5 55.Bc1 Be7 56.gxh5 gxh5 57.f4 exf4
58.Bxf4 Bxa3 59.Be5 Bc5 60.Kc2 Kc4  0-1

[Event "Czech Open A"]
[Site "Pardubice CZE"]
[Date "2006.07.25"]
[Round "5"]
[White "Haub,TM"]
[Black "Straeter,T"]
[Result "1-0"]
[WhiteElo "2469"]
[BlackElo "2352"]

1.Nf3 d5 2.g3 g6 3.Bg2 Bg7 4.d3 e5 5.Nbd2 Ne7 6.O-O O-O 7.e4 Nbc6 8.c3 a5
9.a4 Re8 10.exd5 Nxd5 11.Re1 h6 12.Nc4 Bf5 13.h3 g5 14.Ra3 Qd7 15.g4 Bg6
16.Rb3 Nf4 17.Bxf4 exf4 18.Rxb7 Qxd3 19.Qxd3 Bxd3 20.Rxc7 Bxc4 21.Rxe8+ Rxe8
22.Rxc6 Be2 23.b4 Bd1 24.bxa5 Bxa4 25.Rc7 Ra8 26.Nxg5 Rxa5 27.Rc8+ Bf8 28.Nh7 Kxh7
29.Rxf8 Bb3 30.Ra8 Rc5 31.Ra3 Rxc3 32.Be4+ Kg7 33.Kh2 Kf6 34.Bd5 Rxh3+ 35.Kxh3 Bxd5
36.Kh4 Kg6 37.Ra5 Be6 38.f3 Bd7 39.Rd5 Be6 40.Rb5 f5 41.gxf5+ Bxf5 42.Rb6+ Kg7
43.Kh5  1-0

[Event "Politiken Cup"]
[Site "Copenhagen DEN"]
[Date "2006.07.26"]
[Round "5"]
[White "Vaganian,R"]
[Black "Willumsen,H"]
[Result "1-0"]
[WhiteElo "2598"]
[BlackElo "2227"]

1.Nf3 d5 2.g3 Nf6 3.Bg2 c6 4.O-O Bg4 5.d3 Nbd7 6.Qe1 e6 7.e4 dxe4 8.dxe4 Qc7
9.Nbd2 e5 10.Nc4 Be6 11.Qe2 h6 12.a4 Bc5 13.Bd2 O-O 14.Bc3 Bg4 15.Ne3 Bxe3
16.Qxe3 Rfe8 17.h3 Bxf3 18.Qxf3 Rad8 19.a5 Nc5 20.Qe3 b6 21.Ra3 Ne6 22.axb6 axb6
23.Rfa1 Nd4 24.Ra7 Qb8 25.Bxd4 exd4 26.Qd3 c5 27.f4 Rd7 28.Rxd7 Nxd7 29.c3 Qd6
30.e5 Qg6 31.Qxg6 fxg6 32.cxd4 cxd4 33.Rd1 g5 34.Rxd4 Nc5 35.Rd6 gxf4 36.gxf4 g5
37.Bd5+ Kh7 38.b4  1-0

[Event "Open"]
[Site "Kiel GER"]
[Date "2006.07.26"]
[Round "7"]
[White "Seibicke,R"]
[Black "Arend,M"]
[Result "0-1"]
[WhiteElo "2185"]
[BlackElo "1928"]

1.Nf3 d5 2.g3 Nf6 3.Bg2 c6 4.O-O Bf5 5.d4 e6 6.c4 h6 7.Nc3 a5 8.Nd2 Bb4 9.e4 Bxc3
10.bxc3 dxe4 11.Ba3 Nbd7 12.Re1 c5 13.Nb3 O-O 14.Nxc5 Nxc5 15.Bxc5 Re8 16.f3 b6
17.Ba3 exf3 18.Bxf3 Rc8 19.Qa4 Qc7 20.Be2 Ne4 21.Rac1 Nxg3 22.Bf3 Bh3 23.Qc2 Nf5
24.c5 bxc5 25.Bxc5 Qf4 26.Qe4 Qg5+ 27.Kf2 Rb8 28.Rc2 Nh4 29.Qe3 Qf5 30.Qe4  0-1

[Event "Czech Open A"]
[Site "Pardubice CZE"]
[Date "2006.07.26"]
[Round "6"]
[White "Espig,L"]
[Black "Czarnota,D"]
[Result "1-0"]
[WhiteElo "2359"]
[BlackElo "2237"]

1.Nf3 d5 2.g3 c6 3.Bg2 Bg4 4.b3 Nd7 5.Bb2 e6 6.d3 Ngf6 7.Nbd2 Bd6 8.O-O O-O
9.Qe1 Qe7 10.a3 e5 11.e4 a5 12.h3 Bxf3 13.Nxf3 dxe4 14.dxe4 Rfe8 15.Qe2 b5
16.a4 bxa4 17.Rxa4 Nc5 18.Ra2 Nfxe4 19.Nh4 Ng5 20.Bxc6 Nxh3+ 21.Kh2 Nf4 22.Qg4 h5
23.Qxg7+ Kxg7 24.Nf5+ Kf6 25.Nxe7 Kxe7 26.gxf4 exf4 27.Re1+ Ne6 28.Ba3 Rec8
29.Bxa8 Rxa8 30.Re5 Rg8 31.Bxd6+ Kxd6 32.Rf5 Ng5 33.Raxa5 Nf3+ 34.Kh3 Ng1+
35.Kh4 Nf3+ 36.Kxh5 Rg2 37.Rxf4 Rxf2 38.c4 Rh2+ 39.Kg4 Ne5+ 40.Kg3 Rb2 41.Rb5 Rc2
42.Rf6+ Ke7 43.Ra6 Rc3+ 44.Kf4 Nd3+ 45.Kf5 Nc1 46.Rb7+ Kf8 47.Rf6 Rf3+ 48.Kg5 Rg3+
49.Kf4 Ne2+ 50.Ke5 Re3+ 51.Kd6 Rd3+ 52.Kc5  1-0

[Event "Czech Open A"]
[Site "Pardubice CZE"]
[Date "2006.07.26"]
[Round "6"]
[White "Schebler,G"]
[Black "Czarnota,P"]
[Result "1/2-1/2"]
[WhiteElo "2499"]
[BlackElo "2547"]

1.Nf3 d5 2.g3 Bg4 3.Bg2 Nd7 4.c4 e6 5.cxd5 exd5 6.Qb3 Nc5 7.Qc2 Nf6 8.O-O Be7
9.d3 O-O 10.Nbd2 d4 11.Nb3 Nxb3 12.Qxb3 Rb8 13.Bf4 Bd6 14.Bxd6 Qxd6 15.Qa4 c5
16.Rfc1 a6 17.h3 Be6 18.Ng5 Bd5  1/2-1/2

[Event "XLVIII TCh-POR"]
[Site "Evora POR"]
[Date "2006.07.27"]
[Round "6"]
[White "Frois,A"]
[Black "Felizes,P"]
[Result "1-0"]
[WhiteElo "2320"]
[BlackElo "2129"]

1.Nf3 d5 2.g3 c5 3.Bg2 Nc6 4.O-O e5 5.d3 Nf6 6.Nbd2 Be7 7.e4 d4 8.Nc4 Nd7
9.a4 O-O 10.Bd2 Qc7 11.Ne1 Nb6 12.f4 Nxc4 13.dxc4 Be6 14.b3 f5 15.Nd3 Bd6
16.Qe2 Rae8 17.Rae1 Qd7 18.fxe5 Nxe5 19.Nxe5 Bxe5 20.exf5 Bxf5 21.Bd5+ Kh8
22.g4 Bf6 23.Qg2 Bxg4 24.Bxb7 Bh3 25.Qc6 Qg4+ 26.Kh1 Re2 27.Rg1 Qh5 28.Rxe2 Qxe2
29.Qxc5 Re8 30.Bf4 Bg4 31.Qc6 Bf5 32.Qg2 Qxg2+ 33.Kxg2 Bxc2 34.b4 Bxa4 35.Ra1 Bb3
36.Bd5 g5 37.Bc1 Re7 38.Ra6 Kg7 39.Be6 Rc7 40.c5 Bxe6 41.Rxe6 Kf7 42.Ra6 h5
43.Kf3 Re7 44.h3 Kg6 45.c6 Kf5 46.Ra5+ Be5 47.Rd5 g4+ 48.hxg4+ hxg4+ 49.Ke2 Ke6
50.Rd8 Bc7 51.Rxd4 Kf5+ 52.Kf1 Rh7 53.Be3 g3 54.b5 Rh1+ 55.Kg2 Rh2+ 56.Kf3 Rh1
57.Rd7 Be5 58.c7 Bxc7 59.Rxc7 Rb1 60.Rc5+ Ke6 61.Kxg3 Rb3 62.Kf4 Kd6 63.Rh5 Rb4+
64.Kf3 Rb3 65.Ke2 Rb2+ 66.Kd3 Rb3+ 67.Ke4 Rb4+ 68.Bd4  1-0

[Event "Czech Open A"]
[Site "Pardubice CZE"]
[Date "2006.07.27"]
[Round "7"]
[White "Hausrath,D"]
[Black "Warakomski,T"]
[Result "1-0"]
[WhiteElo "2511"]
[BlackElo "2420"]

1.Nf3 d5 2.g3 Nf6 3.Bg2 c6 4.c4 dxc4 5.O-O Qc7 6.Qc2 e5 7.Qxc4 Bd6 8.d4 Nbd7
9.Nc3 O-O 10.Rd1 Re8 11.Qb3 h6 12.Qc2 a6 13.b3 c5 14.dxe5 Nxe5 15.Bb2 Nc6
16.Rac1 Bg4 17.Qb1 Rad8 18.Qa1 Bf8 19.h3 Bh5 20.e3 Ne5 21.Nxe5 Rxe5 22.Rxd8 Qxd8
23.Ne4  1-0

[Event "Czech Open A"]
[Site "Pardubice CZE"]
[Date "2006.07.28"]
[Round "8"]
[White "Freisler,P"]
[Black "Pokorny,P"]
[Result "1-0"]
[WhiteElo "2306"]
[BlackElo "2208"]

1.Nf3 d5 2.g3 c6 3.Bg2 Bg4 4.d3 Nd7 5.Nbd2 e5 6.h3 Be6 7.e4 Bd6 8.d4 f6 9.dxe5 fxe5
10.exd5 cxd5 11.O-O Ngf6 12.Nc4 Bc7 13.Ncxe5 Nxe5 14.Nxe5 Bxe5 15.Qe2 Qd6
16.Re1 Ne4 17.Bxe4 dxe4 18.Qxe4 O-O-O 19.Bg5 Bxb2 20.Rab1 Bd5 21.Qg4+ Rd7
22.Rxb2 Bc6 23.c4 h5 24.Qe2 Qc5 25.h4 Qf5 26.Bf4 Rd3 27.Qe7 Rd7 28.Qe3 b6
29.Rxb6 axb6 30.Qxb6 Bb7 31.Kh2 g5 32.Re5 Qf8 33.Rc5+ Qxc5 34.Qxc5+ Kd8 35.Bxg5+ Ke8
36.Qe5+  1-0

[Event "Czech Open A"]
[Site "Pardubice CZE"]
[Date "2006.07.28"]
[Round "8"]
[White "Schebler,G"]
[Black "Stupak,K"]
[Result "1-0"]
[WhiteElo "2499"]
[BlackElo "2346"]

1.Nf3 d5 2.g3 Nf6 3.Bg2 Bg4 4.c4 c6 5.Ne5 Bf5 6.cxd5 cxd5 7.Nc3 Nc6 8.Nxc6 bxc6
9.O-O e6 10.d3 Be7 11.Qa4 Qd7 12.e4 Bg6 13.f4 Bc5+ 14.Kh1 Ng4 15.d4 Bb6 16.f5 exf5
17.exf5 Bh5 18.h3 Nf6 19.Bg5 Ne4 20.Nxe4 dxe4 21.Bxe4 Rc8 22.Bf4 f6 23.Rae1 Kd8
24.d5 c5 25.Qc2 g5 26.Bd2 Qd6 27.Qc3 Kc7 28.Bg2 Bf7 29.Re6 Bxe6 30.fxe6 Rhf8
31.Rxf6 h6 32.Rxf8 Rxf8 33.Qg7+ Kc8 34.Bc3 Re8 35.Be5 Qe7 36.Qxe7 Rxe7 37.Bf3  1-0

[Event "10th Battle of Senta 1697 Open"]
[Site "Senta SCG"]
[Date "2006.07.28"]
[Round "9"]
[White "Pavlik,G"]
[Black "Sinka,I"]
[Result "1-0"]
[WhiteElo "2179"]
[BlackElo "2336"]

1.Nf3 d5 2.g3 Nf6 3.b3 Bg4 4.Bg2 Nbd7 5.Bb2 c5 6.d3 Qc7 7.Nbd2 e5 8.e4 d4
9.h3 Bxf3 10.Bxf3 Be7 11.a4 O-O 12.O-O Ne8 13.Bg2 Bg5 14.Nf3 Bh6 15.Nh2 g6
16.Ng4 Bg7 17.Bc1 f5 18.exf5 gxf5 19.Nh6+ Kh8 20.Qh5 Nd6 21.Bg5 Rae8 22.Rae1 Re6
23.g4 Rg6 24.Qh4 Rff6 25.Bxf6 Bxf6 26.Qh5 Bg5 27.gxf5 Nf6 28.Qe2 Rxh6 29.Qxe5 b6
30.Re2 Kg8 31.Qg3 Rh5 32.Bf3 Qg7 33.Bg4 Nxg4 34.hxg4 Rh4 35.f3 Rh6 36.f4 Bh4
37.Qg2 Rf6 38.Rf3 Rf8 39.Rh3 Bd8 40.Qd5+ Nf7 41.g5 Bc7 42.g6 hxg6 43.fxg6 Bxf4
44.Rg2 Be3+ 45.Kh1 Bg5 46.Rxg5 Rd8  1-0

[Event "Politiken Cup"]
[Site "Copenhagen DEN"]
[Date "2006.07.29"]
[Round "8"]
[White "Andreasen,P"]
[Black "Jaeger,F"]
[Result "1/2-1/2"]
[WhiteElo "2283"]
[BlackElo "2104"]

1.Nf3 d5 2.g3 g6 3.Bg2 Bg7 4.d4 Nf6 5.O-O O-O 6.c4 dxc4 7.Na3 c3 8.bxc3 c5
9.Nc4 Nc6 10.Ba3 Be6 11.Ne3 Ne4 12.Bxc5 Nxc5 13.dxc5  1/2-1/2

[Event "Czech Open A"]
[Site "Pardubice CZE"]
[Date "2006.07.29"]
[Round "9"]
[White "Hausrath,D"]
[Black "Szymanski,M"]
[Result "1-0"]
[WhiteElo "2511"]
[BlackElo "2408"]

1.Nf3 d5 2.g3 Nc6 3.d4 Bg4 4.Bg2 Qd7 5.h3 Bxf3 6.exf3 h5 7.h4 O-O-O 8.Bh3 e6
9.c3 Nh6 10.O-O Nf5 11.Re1 Be7 12.f4 Rdg8 13.Nd2 Nd8 14.Nf3 f6 15.Qe2 g6
16.a4 Rh7 17.a5 Kb8 18.b3 Bd6 19.c4 c6 20.a6 b6 21.Bd2 Re7 22.Rac1 Nf7 23.b4 Bc7
24.b5 cxb5 25.cxd5 Rge8 26.d6 N7xd6 27.Bb4 Rg7 28.Bg2 Rgg8 29.Red1 Nc4 30.Ne5 fxe5
31.dxe5 Nd4 32.Qe4 Qd5 33.Rxd4 Qxe4 34.Bxe4 Rd8 35.Rxd8+ Bxd8  1-0

[Event "Czech Open A"]
[Site "Pardubice CZE"]
[Date "2006.07.29"]
[Round "9"]
[White "Nagy,Las"]
[Black "Behm,S"]
[Result "1/2-1/2"]
[WhiteElo "2121"]
[BlackElo "2229"]

1.Nf3 d5 2.g3 Nf6 3.Bg2 c6 4.d4 Bf5 5.O-O e6 6.b3 Be7 7.c4 Nbd7 8.Bb2 h6
9.Nc3 O-O 10.Nd2 a5 11.f3 Qb6 12.c5 Qa7 13.e4 dxe4 14.Ncxe4 Nd5 15.Nc4 Rfd8
16.Qe2 Qa6 17.Rfe1 Rdb8 18.Qf2 Bg6 19.f4 Qa7  1/2-1/2